Trágica história do fidalgo Dom francisco e do seu filho único (Record no. 45913)

MARC details
000 -Etiqueta do registo
Valores 00709cam a2200217 4500
100 ## - Dados gerais de processamento
Dados gerais 19961127d1942 km y0pory5003 ba
101 0# - Língua de publicação
Língua por
102 ## - País de publicação
País PT
200 1# - Titulo e menção de responsabilidade
Título próprio Trágica história do fidalgo Dom francisco e do seu filho único
Primeira menção de responsabilidade Virginia de Castro e Almeida
210 #9 - Publicação
Local de publicação Lisboa
Nome do editor Edições S. P. N.,
Data de publicação 1942
215 ## - Descrição física 
Paginação / Volumes 14, [1] p.
Dimensões 25 cm
225 2# - Colecção 
Título próprio da colecção Pátria
Indicação de volume 29
675 ## - CDU
Notação 869.0-311.6 7 Almeida 7 Trágica
Edição 2med
Língua por
700 #1 - Autor principal
Apelido Almeida,
Nome Virgínia de Castro e,
Datas 1874-1945
801 #0 - Fonte de origem
País PT
Agência BN
Regras de catalogação RPC
856 40 - Localização e acesso electrónico 
URL <a href="https://purl.pt/40010">https://purl.pt/40010</a>
856 41 - Localização e acesso electrónico 
URL <a href="https://purl.pt/40010/service/media/cover/low">https://purl.pt/40010/service/media/cover/low</a>
856 49 - Localização e acesso electrónico 
URL <a href="https://purl.pt/40010/service/media/pdf">https://purl.pt/40010/service/media/pdf</a>
990 ## - Elementos KOHA
Tipo de documento Livro
Holdings
Aquisição Empréstimo Código de barras Cota Permissão de empréstimo Tipo de documento
Biblioteca Municipal de Redondo Biblioteca Municipal de Redondo 057119 821.134.3-3 ALM   Livro
Biblioteca Municipal de Redondo Biblioteca Municipal de Redondo 057120 821.134.3-3 ALM   Livro

Powered by Koha